Warszawskie biblioteki księży pijarów
| Titel: | Warszawskie biblioteki księży pijarów / Ryszard Mączyński |
|---|---|
| In: |
Rocznik historii sztuki, alle Artikel anzeigen |
| Veröffentlicht: | 1998 |
| Umfang: | zahlr. Ill. |
| Format: | Aufsatz |
| Sprache: | Polnisch | Vorliegende Ausgabe: | Online-Ausg. Heidelberg: Univ.-Bibl., 2013. - Online-Ressource. |
X
alg: 47166017 001A $06055:06-11-20 001B $03025:03-05-24 $t10:39:10.000 001D $06055:06-11-20 001U $0utf8 001X $00 002@ $0Oox 002C $aText $btxt $2rdacontent 002D $aComputermedien $bc $2rdamedia 002E $aOnline-Ressource $bcr $2rdacarrier 003@ $0471660175 004U $0urn:nbn:de:bsz:16-diglit-142469 $SV98 007A $0471660175 $aHEB 007I $0HHB-368487849 007I $0HHB-1438487843 009Q $SV98 $uhttp://digi.ub.uni-heidelberg.de/diglit/rhs1998/0096 $xH 010@ $apol 011@ $a1998 011B $a2013 021A $aWarszawskie biblioteki księży pijarów $hRyszard Mączyński 027A $aWarsaw libraries of the Piarist order 033N $pHeidelberg $nUniv.-Bibl. 033Q $aOnline-Ressource 034M $azahlr. Ill. 037A $aEngl. Zsfassung u.d.T.: Warsaw libraries of the Piarist order, S. 137-139 037A $aEnthalten in: 23(1998), Seite [91]-139 037G $aOnline-Ausg. 039B $aIn $8--Obvc--. Rocznik historii sztuki. - Warszawa : Polska Akademia Nauk, 1956-. - Online-Ressource. - ISSN 2720-2933. - DOI 10.11588/diglit.12451. - urn:nbn:de:bsz:16-diglit-124512 $9290997941 044K $RWarszawa $#Warschau $#Warszawa $#Warszowa $#Varšava $#Varsovia $#Varsavia $#Varšavaq $#Varsó $#Miasto Stołeczne Warszawa $#Varsovie $#Warsaw $#Varšava $#Varšuva $#Varssavi $74079048-4 $8Warschau [Tg1] $9085224332 044K $RKulturelle Einrichtung $RBibliothekswissenschaft $#Libraries $#Bibliothèques $#Biblioteche $#Bibliotecas $#libraries $#Libraries $#Bibliothek $#Bibliothek $#Bibliotheken $#Allgemeinbibliothek $#Bibliothekswesen $#Bücherei $#Universalbibliothek $#Gebrauchsbibliothek $74006439-6 $8Bibliothek [Tsz] $9085009229 044K $#Arme Regularkleriker der Gottesmutter von den Frommen Schulen $#Ordo Clericorum Regularium Pauperum Matris Dei Scholarum Piarum $#Paulinische Kongregation $#Congregatio Paulina Clericorum Regularium Pauperum Matris Dei Scholarum Piarum $#CSP $#OSchP $#OSP $#PSP $#SchP $#SP $#Piarista rendház $71020987-6 $8Piaristen [Tb1] $9041990846 045E $c700 045T $a9,10 lok: 47166017 3 exp: 47166017 3 1 #EPN 201B/01 $007-11-20 $t22:19:33.581 201C/01 $007-11-20 201U/01 $0utf8 203@/01 $01128859548 204U/01 $0urn:nbn:de:bsz:16-diglit-142469 $SV98 208@/01 $a07-11-20 $bl lok: 47166017 78 exp: 47166017 78 1 #EPN 201B/01 $003-05-24 $t10:38:12.000 201C/01 $003-05-24 201U/01 $0utf8 203@/01 $01262042836 208@/01 $a03-05-24 $be 209A/01 $a/ $f000 $x00 209A/01 $ab*p $x01 220C/01 $aeja 244Z/01 $#Generalgouvernement Polen $#Polska $#Rzeczpospolita Polska $#Polska Rzeczpospolita Ludowa $#Poland $#Pologne $#République Polonaise $#Generalne Gubernatorstwo w Polsce $#Polish People's Republic $#Polska Rzeczpospolita Polen $#PRL $#RP $#Polen Generalgouvernement $#Polska Generalgouvernement $#Besetzte Polnische Gebiete $#Besetztes Gebiet in Polen $#Okupowane Polskie Obszary $#Obszary Okupowane w Polsce $#Volksrepublik Polen $#Polska Rosyjska $#Republic Polen $#Respublika Pol'ša $#Pol'skaja Narodnaja Respublika $#République de Pologne $#Polen Links der Weichsel $#Polska po Lewej Stronie Wisły $#Lenkija $#Polija $#Gubernija Carstva Pol'skago $#Republik Polen $74046496-9 $8--Tg1--Polen $x01 $9085129801 247C/01 $82080>Marburg/Lahn, Herder-Institut, Forschungsbibliothek, Bibliographieportal $9336309341
| LEADER | 00000caa a22000002c 4500 | ||
|---|---|---|---|
| 001 | 471660175 | ||
| 003 | DE-603 | ||
| 005 | 20240503103910.0 | ||
| 007 | cr|||||||||||| | ||
| 008 | 201106s1998 xx |||| o| u00||u|pol c | ||
| 024 | 7 | |a urn:nbn:de:bsz:16-diglit-142469 |2 urn | |
| 035 | |a (DE-599)HEB471660175 | ||
| 040 | |a DE-603 |b ger |c DE-603 |d DE-603 | ||
| 041 | |a pol | ||
| 084 | |a 700 |q DE-101 |2 sdnb | ||
| 084 | |a 9,10 |2 ssgn | ||
| 245 | 0 | 0 | |a Warszawskie biblioteki księży pijarów |c Ryszard Mączyński |
| 246 | 1 | 3 | |a Warsaw libraries of the Piarist order |
| 264 | 0 | |c 1998 | |
| 300 | |b zahlr. Ill. | ||
| 336 | |a Text |b txt |2 rdacontent | ||
| 337 | |a Computermedien |b c |2 rdamedia | ||
| 338 | |a Online-Ressource |b cr |2 rdacarrier | ||
| 500 | |a Engl. Zsfassung u.d.T.: Warsaw libraries of the Piarist order, S. 137-139 | ||
| 500 | |a Enthalten in: 23(1998), Seite [91]-139 | ||
| 530 | |a Online-Ausg. | ||
| 533 | |b Heidelberg |c Univ.-Bibl. |d 2013 |e Online-Ressource |7 s2013uuuuxx u| | ||
| 610 | 1 | 7 | |a Piaristen |2 gnd |0 (DE-588)1020987-6 |0 (DE-603)041990846 |
| 650 | 7 | |a Bibliothek |0 (DE-588)4006439-6 |0 (DE-603)085009229 |2 gnd | |
| 651 | 7 | |a Warschau |0 (DE-588)4079048-4 |0 (DE-603)085224332 |2 gnd | |
| 773 | 0 | 8 | |i In |t Rocznik historii sztuki |d Warszawa : Polska Akademia Nauk, 1956- |h Online-Ressource |o 10.11588/diglit.12451 |o urn:nbn:de:bsz:16-diglit-124512 |x 2720-2933 |w (DE-603)290997941 |w (DE-600)2654042-3 |
| 856 | |u http://digi.ub.uni-heidelberg.de/diglit/rhs1998/0096 |x Verlag | ||
| 924 | 1 | |9 603 |a (DE-603)1128859548 |b DE-603 |c HES |d d | |
| 924 | 1 | |9 2080 |a (DE-603)1262042836 |b DE-2080 |c HES |d d |g / | |


